|
ห้องสมุด วิทยาลัยพยาบาลบรมราชชนนี อุดรธานี
Boromarajonani College of Nursing, Udonthani
|


|
mysqli: Table './ulib2015/stat_globaluid' is marked as crashed and last (automatic?) repair failed
select id from stat_globaluid where statuid='20260418004956_3136'
mysqli: Table './ulib2015/stat_globaluid' is marked as crashed and last (automatic?) repair failed
DELETE FROM stat_globaluid
WHERE id NOT IN (
SELECT id
FROM (
SELECT id
FROM stat_globaluid
ORDER BY id DESC
LIMIT 100
) foo
);
mysqli: Table './ulib2015/stat_globaluid' is marked as crashed and last (automatic?) repair failed
insert into stat_globaluid set
statuid='20260418004956_3136',
dt='1776448196',
phpself='/ULIB/dublinfull.php',
agent='Mozilla/5.0 AppleWebKit/537.36 (KHTML, like Gecko; compatible; ClaudeBot/1.0; +claudebot@anthropic.com)',
yea='2026',
mon='4',
dat='18',
ip='216.73.216.55'
| LEADER 00674nam 2200229 a 4500 |
| 001 12689 |
| 003 ULIBM |
| 008 111011s2530 th m a001 0 tha d |
| 050 4 ^aQV^bท364ว 2530
|
| 245 10 ^aว่านหางจระเข้/^cทัศนีย์ เมฆอริยะ
|
| 250 ^aพิมพ์ครั้งที่ 1.
|
| 260 ^aกรุงเทพฯ:^bนานมี,^c2530
|
| 300 ^a 101 หน้า.
|
| 650 7 ^aสมุนไพร
|
| 700 0 ^aว่านหางจระเข้
|
| 945 ^p0^l0^i476
|
| 945 ^p0^l0^i2761
|
| 945 ^p0^l0^i2762 |
| 999 ^aลิขิตลักษณ์
|
| คุณยังไม่ได้ล็อกอิน คุณสามารถมีกิจกรรมร่วมกับเว็บไซต์ได้ แต่ต้องล็อกอินก่อน :: |
|
| ลำดับที่ |
ประเภท |
เลขเรียก/บาร์โค้ด |
สถานที่ |
สถานะ |
| 1. |
 หนังสือการพยาบาล | QV ท364ว 2530 Barcode: 476 | หนังสือทั่วไป | On Shelf |
| 2. |
 หนังสือการพยาบาล | QV ท364ว 2530 ฉ.2 Barcode: 2761 | หนังสือทั่วไป | On Shelf |
| 3. |
 หนังสือการพยาบาล | QV ท364ว 2530 ฉ.3 Barcode: 2762 | หนังสือทั่วไป | On Shelf |
| [แสดง 3/3 รายการ] |
mysqli: Can't create/write to file '/var/tmp/#sql_59d_0.MAI' (Errcode: 2)
select * from index_db where titl like '%ว่านหางจระเข้/ ทัศนีย์ เมฆอริยะ%' and mid<>'12689' order by rand() limit 3
mysqli: Can't create/write to file '/var/tmp/#sql_59d_0.MAI' (Errcode: 2)
select * from index_db where subj like '%สมุนไพร%' and mid<>'12689' order by rand() limit 3
|
ยังไม่เคยถูกคอมเมนท์
|
| คอมเมนท์ทรัพยากรรายการนี้ |
|